Diccionario de actores /

Сохранить в:
Библиографические подробности
Главный автор: Juan Payán, Miguel (autor)
Формат:
Язык:испанский
Опубликовано: Madrid, España : Ediciones JC, 1995, c1995
Предметы:
Метки: Добавить метку
Нет меток, Требуется 1-ая метка записи!

MARC

LEADER 00000nam^a2200000^a^4500
001 000090014
005 20250521000000.0
009 20260526121422.054
020 |a 84-89564-00-0 
037 |a Acervo ITESO - Biblioteca 
041 |a ESP 
082 |a 302. 23503  |b EJC V. 2 
100 |a Juan Payán, Miguel  |e (autor) 
240 1 1 |a [Diccionario de actores] 
245 1 0 |a Diccionario de actores /  |c M. Juan Payán. 
264 4 |a Madrid, España :  |b Ediciones JC,  |c 1995, c1995 
300 |a 413 p. 
336 |a texto  |b txt  |2 rdacontenido 
337 |a sin mediación  |b n  |2 rdamedio 
338 |a volumen  |b nc  |2 rdasoporte 
649 |a XX 
650 |a Actores -  |x Filmografías -  |x Enciclopedias y Diccionarios 
650 |a Actores -  |x Biografías -  |x Enciclopedias y Diccionarios 
650 |a Actores -  |x Enciclopedias y Diccionarios -  |x Tema Principal 
650 |a Cine -  |x Enciclopedias y Diccionarios -  |x Tema Principal 
650 |a Cine -  |x Historia y Crítica 
650 |a Cine -  |y Siglo XX 
650 |a Enciclopedias y Diccionarios 
910 |a Fondo General 
920 |a Impresos - Libros 
930 |a Obras de Referencia 
905 |a 102 
901 |a 0500024033  |b IT2  |c REF  |u 20250521 
902 |a https://opac.biblio.iteso.mx/vufind/Record/000090014